000 00473nam a2200181Ia 4500
008 240925s9999 xx 000 0 und d
020 _a9788174092366
082 _a670 PAR
100 _aParmar R. S.
245 0 _aManufacturing Processes and Automation
250 _a1st
260 _aNew Delhi:
_bKhanna Publishers
_c,2009.
300 _axxviii,589p.
_bN.A
_fOriginal
500 _aIncludes Index
600 _aSocial Sciences
650 _aManagement
942 _cBK
999 _c11765
_d11765